PRACTICE OF ACUPUNCTURE (Record no. 19795)

MARC details
000 -LEADER
fixed length control field 00305nam a22001457a 4500
003 - CONTROL NUMBER IDENTIFIER
control field SGT
020 ## - INTERNATIONAL STANDARD BOOK NUMBER
International Standard Book Number 3131368217
082 ## - DEWEY DECIMAL CLASSIFICATION NUMBER
Classification number 615.892
Item number P02H
100 ## - MAIN ENTRY--PERSONAL NAME
Personal name HECKER, HONS ULRICH
245 ## - TITLE STATEMENT
Title PRACTICE OF ACUPUNCTURE
250 ## - EDITION STATEMENT
Edition statement 2ND
260 ## - PUBLICATION, DISTRIBUTION, ETC. (IMPRINT)
Name of publisher, distributor, etc THIEME, CANADA
Year of Publication 2002
300 ## - PAGE DESCRIPTION
No. of Pages 652
942 ## - ADDED ENTRY ELEMENTS (KOHA)
Source of classification or shelving scheme Dewey Decimal Classification
Koha item type Books
Holdings
Withdrawn status Lost status Source of classification or shelving scheme Damaged status Use restrictions Not for loan Collection code Home library Current library Shelving location Date acquired Vendor Name Cost, normal purchase price SGTU Bill Number Full call number Accession No. (Barcode) Date last seen Bill Date Koha item type
    Dewey Decimal Classification   Restricted Access   AYURVEDA SGT FA-FP Library SGT FA-FP Library Reference Book 06/03/2020 AHUJA PUBLICATION 6900.00 SGTU 11971 615.892 P02H FA10384 06/03/2020 22/02/2020 Books